1856 1441 1296 1386 1921 1620 1529 1962 1976 1458 1302 1310 1969 1821 1941 1293 1216 1577 1925 1846 1000 1368 1622 1817 1661 1356 1496 1327 1281 1224 1191 1017 1251 1920 1558 1020 1231 1088 1719 1450 1180 1342 1473 1141 1818 1976 1883 1416 1588 1309 1101 1704 1718 1186 1698 1816 1442 1555 1829 1669 1062 1655 1638 1078 1407 1372 1717 1842 1869 1871 1664 1445 1846 1020 1697 1320 1334 1704 1047 1199 1169 1963 1648 1320 1833 1083 1879 1602 1530 1398 1313 1987 1695 1620 1472 1196 1391 1527 1964 BCNSPRNW ULIB Ver.6.0+V

เปลี่ยนเป็นภาษาไทย

Change to English
 แสดงรายละเอียดบรรณานุกรม
  กลับหน้าหลัก

Brief Record : Get Marc (ISO 2709) : E-mail record : QR code < ปิดหน้าต่าง
LEADER : 00000nam 2200000uu 4500
001    13399111546
003     ULIB
008    110630s||||||||th 000 0 tha d
020    9786115190003
050  4 BQ4570^bว111ธ 2552
100 0  ว.วชิรเมธี
245 10 ธรรมะศักดิ์สิทธิ์ /^cว.วชิรเมธี
250    พิมพ์ครั้งที่ 6
260    กรุงเทพฯ :^bอมรินทร์,^c2552
300    233 หน้า :^bภาพประกอบ ;^c17 ซม.
440  0 ธรรมะประยุกต์สำหรับคนรุ่นใหม่ ;^vลำดับที่ 13
650  7 ธรรมะ
650  7 ความจริง^xแง่ศาสนา^xพุทธศาสนา
650  7 การดำเนินชีวิต
945    ^p150^l0^i027544
995    ทศพร
999 ^a ใช้งานได้ทุกระบบ
รายการนี้ยังไม่มีแท็ก
คุณยังไม่ได้ล็อกอิน คุณสามารถมีกิจกรรมร่วมกับเว็บไซต์ได้ แต่ต้องล็อกอินก่อน ::
  ล็อกอิน

รายการสื่อสารสนเทศ

ลำดับที่ ประเภท เลขเรียก/บาร์โค้ด สถานที่ สถานะ
- ไม่พบข้อมูล -

รายการใกล้เคียง
    ผู้แต่ง [ว.วชิรเมธี]

    หัวเรื่อง [ธรรมะ]
    หัวเรื่อง [การดำเนินชีวิต]

BibComment


ยังไม่เคยถูกคอมเมนท์

คอมเมนท์ทรัพยากรรายการนี้
  คอมเมนท์: ธรรมะศักดิ์สิทธิ์..


 Copyright 2026. Bcnsprnw @Library